000 00374cam a2200145ua 4500
041 _amal
_h
082 _a894.8122
_bKRI/KA
100 _aKrishnapilla, N .
245 _aKalavedi Nashta kachavadam avatharipichappol /
_cN.Krishnapilla.
_hTextual Documents
260 _a :
_bKrishnapilla.N ,
_c1965.
300 _a128 ; .
504 _a
942 _cBK
999 _c919
_d919